[Event "LSS BI-2009-F-00014"]
[Site "LSS email"]
[Date "2010.02.15"]
[Round "?"]
[White "Garcia, Sergio"]
[Black "Ruslin, Alexey"]
[Result "0-1"]
[WhiteElo "663"]
[BlackElo "950"]
[PlyCount "66"]
[EventDate "2010.02.17"]
[EventType "tourn (corr)"]
[EventRounds "10"]
[EventCountry "GER"]
[SourceTitle "Corr 2013"]
[Source "ChessBase"]
[SourceDate "2012.11.12"]
[SourceVersion "1"]
[SourceVersionDate "2012.11.12"]
[SourceQuality "1"]

1. c4 e6 2. Nc3 b6 3. Nf3 Bb7 4. e4 d6 5. g3 Nf6 6. d3 Be7 7. Bg2 0-0 8. 0-0 Nbd7 9. a3 a5 10. Bg5 h6 11. Bxf6 Bxf6 12. Qc2 Re8 13. b4 axb4 14. axb4 Qe7 15. Rxa8 Rxa8 16. Re1 Qd8 17. d4 c5 18. bxc5 bxc5 19. d5 exd5 20. cxd5 Ne5 21. Nxe5 Bxe5 22. f4 Bd4+ 23. Kh1 Qa5 24. Rc1 Bxc3 25. Bf3 Bd4 26. e5 dxe5 27. fxe5 Rd8 28. Qf5 Bxd5 29. Bxd5 Rxd5 30. Rb1 Qa8 31. Qc2 Rxe5+ 32. Qg2 Qxg2+ 33. Kxg2 c4 0-1

[Event "LSS BI-2009-F-00014"]
[Site "LSS email"]
[Date "2010.02.15"]
[Round "?"]
[White "Hughes, Chris"]
[Black "Garcia, Sergio"]
[Result "1-0"]
[WhiteElo "741"]
[BlackElo "678"]
[PlyCount "83"]
[EventDate "2010.02.17"]
[EventType "tourn (corr)"]
[EventRounds "10"]
[EventCountry "GER"]
[SourceTitle "Corr 2013"]
[Source "ChessBase"]
[SourceDate "2012.11.12"]
[SourceVersion "1"]
[SourceVersionDate "2012.11.12"]
[SourceQuality "1"]

1. d4 Nf6 2. c4 d6 3. Nc3 g6 4. e4 e5 5. Nf3 exd4 6. Nxd4 c5 7. Nf3 Bg7 8. Bg5 0-0 9. Qd2 Bg4 10. Be2 Nc6 11. Nd5 Re8 12. Qf4 Bxf3 13. Bxf3 Nd4 14. Nxf6+ Bxf6 15. Bxf6 Qa5+ 16. Kf1 Nxf3 17. Qxf3 b5 18. cxb5 Qxb5+ 19. Qe2 Qxe2+ 20. Kxe2 Rxe4+ 21. Kd3 Rf4 22. Be7 Rd4+ 23. Kc3 d5 24. Rad1 Rxd1 25. Rxd1 d4+ 26. Kc4 Rc8 27. Bxc5 a5 28. Rxd4 Kg7 29. Rd5 h5 30. Kb5 Re8 31. Rd2 Ra8 32. Bb6 a4 33. Bc5 f5 34. Rd4 Rb8+ 35. Bb6 Re8 36. Rxa4 Re2 37. b3 Kf6 38. Ka6 Ke5 39. b4 Rc2 40. b5 Kd6 41. Ba7 Rb2 42. b6 1-0

[Event "LSS No Engine Cup 15 Preliminary 7"]
[Site "LSS email"]
[Date "2010.01.24"]
[Round "?"]
[White "Gasanov, Engels G"]
[Black "Garcia, Sergio"]
[Result "1-0"]
[WhiteElo "1769"]
[BlackElo "685"]
[PlyCount "87"]
[EventDate "2010.01.25"]
[EventType "tourn (corr)"]
[EventRounds "6"]
[EventCountry "GER"]
[SourceTitle "Corr 2013"]
[Source "ChessBase"]
[SourceDate "2012.11.12"]
[SourceVersion "1"]
[SourceVersionDate "2012.11.12"]
[SourceQuality "1"]

1. e4 c5 2. Nf3 Nc6 3. Bb5 g6 4. 0-0 d6 5. d4 cxd4 6. Qxd4 Nf6 7. e5 dxe5 8. Bxc6+ bxc6 9. Qxd8+ Kxd8 10. Nxe5 Kc7 11. Nxf7 Rg8 12. Bf4+ Kb7 13. Na3 Bg7 14. Rfe1 e6 15. Nd6+ Ka6 16. Nxc8 Raxc8 17. Rxe6 Rge8 18. Rae1 Rxe6 19. Rxe6 Nd5 20. Be5 Bxe5 21. Rxe5 Nb4 22. Re7 h5 23. Re6 Nxa2 24. Rxg6 Kb7 25. Nc4 Rd8 26. g3 Nb4 27. c3 Nd3 28. h4 Rd5 29. Rg5 Nc5 30. Rxd5 cxd5 31. Ne3 Kc6 32. g4 hxg4 33. h5 Ne6 34. h6 Ng5 35. Nxg4 Kd6 36. Kg2 Ke6 37. f4 Nf7 38. Kf3 Kf5 39. h7 Kg6 40. b4 Kxh7 41. Nf6+ Kg6 42. Nxd5 Kf5 43. Ne7+ Ke6 44. Nc6 1-0

[Event "LSS No Engine Cup 15 Preliminary 7"]
[Site "LSS email"]
[Date "2010.01.24"]
[Round "?"]
[White "Potemri, Stefan"]
[Black "Garcia, Sergio"]
[Result "1-0"]
[WhiteElo "800"]
[BlackElo "624"]
[PlyCount "41"]
[EventDate "2010.01.25"]
[EventType "tourn (corr)"]
[EventRounds "6"]
[EventCountry "GER"]
[SourceTitle "Corr 2013"]
[Source "ChessBase"]
[SourceDate "2012.11.12"]
[SourceVersion "1"]
[SourceVersionDate "2012.11.12"]
[SourceQuality "1"]

1. e4 c5 2. Nf3 d6 3. d4 cxd4 4. Nxd4 e5 5. Bb5+ Bd7 6. Bxd7+ Nxd7 7. Nf5 Ngf6 8. Nc3 Nc5 9. Bg5 Be7 10. Nxg7+ Kf8 11. Bh6 Qa5 12. Nf5+ Ke8 13. Bg7 Rg8 14. Bxf6 Bxf6 15. Nxd6+ Ke7 16. Qd5 Raf8 17. Nf5+ Ke8 18. Rd1 Rxg2 19. Nd6+ Ke7 20. Qc4 Rd8 21. Qxf7# 1-0

[Event "LSS SN-2009-0-00214"]
[Site "LSS email"]
[Date "2010.01.14"]
[Round "?"]
[White "Garcia, Sergio"]
[Black "Jokmin, Guido"]
[Result "1-0"]
[WhiteElo "682"]
[BlackElo "612"]
[PlyCount "81"]
[EventDate "2009.12.28"]
[EventType "tourn (corr)"]
[EventRounds "6"]
[EventCountry "GER"]
[SourceTitle "Corr 2013"]
[Source "ChessBase"]
[SourceDate "2012.11.12"]
[SourceVersion "1"]
[SourceVersionDate "2012.11.12"]
[SourceQuality "1"]
[WhiteTeam "US of America"]
[BlackTeam "US of America"]
[WhiteTeamCountry "USA"]
[BlackTeamCountry "USA"]

1. c4 c6 2. Nc3 Nf6 3. Nf3 d5 4. cxd5 Nxd5 5. g3 Nd7 6. Bg2 N7f6 7. d3 e6 8. 0-0 Be7 9. a3 0-0 10. b4 Nxc3 11. Qc2 Ncd5 12. e4 Nb6 13. e5 Ng4 14. Bh3 Nh6 15. Bxh6 gxh6 16. Bg2 Kh8 17. d4 Nd5 18. Qd2 Rg8 19. Qxh6 Rg6 20. Qd2 Qg8 21. h4 b6 22. Rac1 a5 23. Rxc6 Nxb4 24. axb4 Bxb4 25. Qc2 Rb8 26. Rc1 Bd7 27. Rc7 Bb5 28. Ng5 h6 29. Nxf7+ Kg7 30. Nd6+ Kh8 31. Nxb5 h5 32. Rc8 Rxc8 33. Qxc8 Bd2 34. Qxg8+ Rxg8 35. Rc6 Rf8 36. Rxe6 Be1 37. Rf6 Kg7 38. Rxf8 Kxf8 39. f4 Bxg3 40. f5 Bxh4 41. Bf3 1-0

[Event "LSS SN-2009-0-00213"]
[Site "LSS email"]
[Date "2010.01.13"]
[Round "?"]
[White "Garcia, Sergio"]
[Black "Mori, Roberto"]
[Result "1-0"]
[WhiteElo "598"]
[BlackElo "638"]
[PlyCount "73"]
[EventDate "2009.12.23"]
[EventType "tourn (corr)"]
[EventRounds "6"]
[EventCountry "GER"]
[SourceTitle "Corr 2013"]
[Source "ChessBase"]
[SourceDate "2012.11.12"]
[SourceVersion "1"]
[SourceVersionDate "2012.11.12"]
[SourceQuality "1"]
[WhiteTeam "US of America"]
[BlackTeam "US of America"]
[WhiteTeamCountry "USA"]
[BlackTeamCountry "USA"]

1. e4 e5 2. Nf3 Nc6 3. Bb5 a6 4. Bxc6 bxc6 5. c3 d6 6. d4 exd4 7. cxd4 Nf6 8. Nc3 Be7 9. 0-0 0-0 10. Re1 Bg4 11. Re3 Rb8 12. h3 Bh5 13. Qc2 Qc8 14. e5 dxe5 15. Rxe5 Bd6 16. Ra5 Bb4 17. Ra4 Bxf3 18. gxf3 Qxh3 19. Ne4 Qxf3 20. Nxf6+ Qxf6 21. Rxa6 Rb6 22. Rxb6 Qxd4 23. Rxc6 Bd6 24. Rc4 Qe5 25. Rh4 g6 26. Qd2 Be7 27. Rh1 Rd8 28. Qh6 Rd1+ 29. Kg2 Qe4+ 30. f3 Qe2+ 31. Kg3 Rxh1 32. Qxh1 Bd6+ 33. Bf4 Qxb2 34. Bxd6 cxd6 35. Qb1 Qf6 36. a4 h5 37. a5 1-0

[Event "LSS SN-2009-0-00213"]
[Site "LSS email"]
[Date "2010.01.13"]
[Round "?"]
[White "Jokmin, Guido"]
[Black "Garcia, Sergio"]
[Result "0-1"]
[WhiteElo "636"]
[BlackElo "630"]
[PlyCount "56"]
[EventDate "2009.12.23"]
[EventType "tourn (corr)"]
[EventRounds "6"]
[EventCountry "GER"]
[SourceTitle "Corr 2013"]
[Source "ChessBase"]
[SourceDate "2012.11.12"]
[SourceVersion "1"]
[SourceVersionDate "2012.11.12"]
[SourceQuality "1"]
[WhiteTeam "US of America"]
[BlackTeam "US of America"]
[WhiteTeamCountry "USA"]
[BlackTeamCountry "USA"]

1. e4 c5 2. Nf3 d6 3. Bc4 Nc6 4. c3 g6 5. Bxf7+ Kxf7 6. Ng5+ Ke8 7. Qf3 Nf6 8. 0-0 h6 9. Nh3 Bxh3 10. Qxh3 Nxe4 11. d3 Nf6 12. Nd2 Qd7 13. Qh4 g5 14. Qg3 Qg4 15. Qe3 h5 16. Nf3 h4 17. h3 Qf5 18. c4 g4 19. Ng5 gxh3 20. Nxh3 Bh6 21. f4 Rg8 22. b3 Rg3 23. Rf3 Rxf3 24. Qxf3 Kd7 25. Qf2 Qxd3 26. Be3 Nd4 27. Re1 Rg8 28. Qxh4 Nf3+ 0-1

[Event "LSS SN-2009-0-00213"]
[Site "LSS email"]
[Date "2010.01.12"]
[Round "?"]
[White "Garcia, Sergio"]
[Black "Trevis, Robert R"]
[Result "1-0"]
[WhiteElo "637"]
[BlackElo "650"]
[PlyCount "25"]
[EventDate "2009.12.23"]
[EventType "tourn (corr)"]
[EventRounds "6"]
[EventCountry "GER"]
[SourceTitle "Corr 2015"]
[Source "ChessBase"]
[SourceDate "2015.07.17"]
[SourceVersion "1"]
[SourceVersionDate "2015.07.17"]
[SourceQuality "1"]

1. e4 e5 2. Nf3 Nf6 3. Nxe5 d6 4. Nc4 Nxe4 5. Qe2 Qe7 6. d3 Nf6 7. Qxe7+ Bxe7 8. Be2 d5 9. Ne5 Nbd7 10. f4 0-0 11. d4 c5 12. Be3 Re8 13. Nxd7 1-0